000 00577nam a2200157 a 4500
008 120416s1973 ||||||||||||||||| || u
050 _aTP 155.7 Luy
100 _aLuyben, W. L
245 1 0 _aProcess modeling, simulation and control for chemical engineers
260 _aNew York:
_bMcGraw-Hill
_c1973
300 _axviii, 558p. : ill.
350 _a0.00
650 _aENGINEERING
650 _aCHEMICAL ENGINEERING
995 _D0.00
_FCBU-MAIN LIBRARY (Kitwe)
_H1
_I14.00
_M1
_UAVAILABLE
_ZMain Library Open Access Collection
999 _c54847
_d54847